Vita quotidiana degli etruschi
שמור ב:
| מחבר ראשי: | |
|---|---|
| פורמט: | ספר |
| שפה: | איטלקית |
| יצא לאור: |
Milán
Il Saggiatore
1985
|
| סדרה: | Catálogo 45
|
| נושאים: | |
| תגים: |
הוספת תג
אין תגיות, היה/י הראשונ/ה לתייג את הרשומה!
|
MARC
| LEADER | 00000nam a2200000 a 4500 | ||
|---|---|---|---|
| 001 | UCP5324 | ||
| 003 | CL-VaPUC | ||
| 008 | 990903e19850000IT |||||||||||||||||ita|d | ||
| 082 | 0 | 4 | |a 937.01 |b HEU |2 21 |
| 100 | |a Heurgon, Jacques |e author |9 439928 | ||
| 245 | 1 | 0 | |a Vita quotidiana degli etruschi |
| 300 | |a 378 p | ||
| 942 | |c BK | ||
| 945 | |d 19990903 00:00:00 |a lriquelm | ||
| 260 | |a Milán |b Il Saggiatore |c 1985 | ||
| 650 | 0 | |a Etruscos |9 267523 | |
| 650 | 7 | |a ETRUSCOS ORIGEN |2 CL-VaPUC |9 322769 | |
| 650 | 0 | |a Sociedad |9 307903 | |
| 650 | 0 | |a Familias |9 255641 | |
| 650 | 0 | |a Literatura |9 259151 | |
| 583 | |a last modification |c 19990903 00:00:00 |k Rodrigo Vera | ||
| 490 | 0 | |a Catálogo 45 | |
| 999 | |c 283091 |d 283089 | ||
| 952 | |0 0 |1 0 |4 0 |6 937_010000000000000_HEU_1985 |7 0 |8 A |9 325865 |a BIBHIS |b BIBHIS |d 2019-11-20 |i 1368699 |o 937.01 HEU 1985 |p 1368699 |r 2025-01-20 |w 2019-11-20 |y BK |k HIS | ||